| 000 | 01319cam9a220030100 4500 | ||
|---|---|---|---|
| 001 | lce00972855 | ||
| 008 | 740912s1975 njub b 001 0 eng | ||
| 010 | _a 74019471 //r892 | ||
| 020 | _a0-8108-0746-7 | ||
| 035 | _a(Sirsi) r108290 | ||
| 035 | _a(DLC) 74019471 //r892 | ||
| 035 | _a(UPRA)lce00972855 | ||
| 050 | 0 |
_aHV 640 Hol 1975 _b.H58 |
|
| 082 | _a361.5/3 | ||
| 100 | 1 |
_aHolborn, Louise W. (Louise Wilhelmine), 1898- _qHolborn, Louise W. (Louise Wilhelmine), 1898- _dHolborn, Louise W. (Louise Wilhelmine), 1898- _6A60876.1 |
|
| 245 | 1 | 0 |
_aRefugees, a problem of our time : _bthe work of the United Nations High Commissioner for Refugees, 1951-1972 / _cby Louise W. Holborn ; with the assistance of Philip and Rita Chartrand. |
| 260 |
_aMetuchen, N.J. : _bScarecrow Press, _c1975. |
||
| 500 | _a"Issued under the auspices of the Radcliffe Institute, Cambridge, Massachusetts." | ||
| 500 | _aIncludes index. | ||
| 500 | _aIssued in two volumes. | ||
| 504 | _aBibliography: p. 1447-1487. | ||
| 610 | 2 | 0 |
_aOffice of the United Nations High Commissioner for Refugees. _6S51288.1 |
| 650 | 0 |
_aRefugees. _6S51270.1 |
|
| 700 | 1 |
_aChartrand, Philip. _6A66773.1 |
|
| 700 | 1 |
_aChartrand, Rita. _6A66774.1 |
|
| 949 |
_aHV 640 Hol 1975 _wlcc _c 1 _i33729000023163 _mMAIN _p2500 _tBOOK _lON-SHELF |
||
| 004 | 108290 | ||
| 999 |
_c180371 _d180371 |
||